Регионална библиотека "Любен Каравелов" - Русе

Славянская филология в России за годы и революции (Запис номер 343223)

MARC детайли
000 -Лидер
Контролно поле с фиксирана дължина 01214nam a2200313 c 4500
003 - Код на организацията, давaща контролен номер
Контролно поле BLK
005 - Дата и час на последна редакция
Контролно поле 20191007115957.0
008 - Елементи от данни с фиксирана дължина
fixed length control field 180911b bul|||||r ||||||| ||bul||
010 ## - Наследен системен номер
LC control number 002884
040 ## - Източник на каталожния запис
Идентификатор на билиотеката - собственик на записа BLK
041 ## - Код за език
Код за езика на текст/звукозапис или на отделно заглавие Български
Код за езика КДБФ Български
080 ## - УДК
УДК - код + определител 808.1(470)398(470)
100 1# - Редна дума - Автор
Автор ЯКОБСОН, Р. и др.
Авторска отговорност първи автор
R(LIN) 399234
245 00 - Сведения за заглавието
Заглавие Славянская филология в России за годы и революции
260 ## - Област на издателските данни
Място на издаване, разпространение и проч. Берлин
Име на издателя, разпространителя и проч. "ОПОЯЗ"
Година на издаване 1923
Печатница Берлин : Типогр. Куммер и Ко
300 ## - Физическа характеристика
Страници 63 с
Размери/Мащаб 22 см
380 ## - Жанр
Жанр Езикознание. Филология
490 ## - СЕРИИ (Колекции)
Име на серия Частна колекция - Академик Михаил Арнаудов
Бележки за серията Дарение - Основен фонд
500 ## - Общи забележки
Забележка Михаил Арнаудов: негови-книганегови-лист. - Михаил Арнаудов: подпис. - Подчертавания в текста. - Отбелязва място в книгата : с. 53.
650 #4 - Допълнително описание по предмет – тема
Основно описание – тема или топоним Етнология
9 (RLIN) 155182
650 ## - Допълнително описание по предмет – тема
Основно описание – тема или топоним Фолклор
9 (RLIN) 175904
655 ## - Ключова дума – жанр/разновидност
Данни за жанр/разновидност или ключова дума за фокус Езикознание
700 1# - Други автори (авторска отговорност)
Лично име Р. Якобсон
9 (RLIN) 399235
700 1# - Други автори (авторска отговорност)
Лично име П. Богатырев
9 (RLIN) 399236
852 ## - Местоположение
Форматна сигнатура МА 2833
999 ## - СИСТЕМНИ КОНТРОЛНИ НОМЕРА
Koha biblionumber 343223
Koha biblioitemnumber 343223
942 ## - АРТИКУЛИ
Вид на библиотечния материал Книги
Скрит в OPAC Не
Периодичен библиозапис Да
944 ## - СЪЗДАВАНЕ И РЕДАКЦИЯ на ЗАПИСА
Създаване/Редакция Създаване
Дата на регистрацията/редакция 1994
999 ## - СИСТЕМНИ КОНТРОЛНИ НОМЕРА
Koha biblioitemnumber 343223
999 ## - СИСТЕМНИ КОНТРОЛНИ НОМЕРА
Koha biblioitemnumber 343223
Наличности
Код за отписване Код за изгубен артикул Източник на класификационната схема Код за повреда Коз за рестрикции Код за отдаване Артикулен № Име на библиотеката - собственик Име на библиотеката, в която се намира в момента Статус (Текущо местоположение) Местоположение - отдел Цена в лева Номерация (Хронология) Инвентарен номер Систематично азбучна сигнатура Баркод Номер на екземпляра Цена в евро Служебен тип на артикула
  Не е изгубен Universal Decimal Classification Не е повреден без рестрикции Специални фондове ( старопечатни, редки и ценни, фонд М. Арнаудов) 743399 Регионална библиотека "Любен Каравелов" Русе Регионална библиотека "Любен Каравелов" Русе Фонд "Михаил Арнаудов" Фонд "Михаил Арнаудов" 10.00   591976 МА 2833 120000591976 1 5.11 Книги
Vip Innovations Ltd, Rousse, Bulgaria 2025